| 000 | 00656nam a2200193 i 4500 | ||
|---|---|---|---|
| 001 | 56260 | ||
| 003 | ES-MaACL | ||
| 005 | 20230906163322.0 | ||
| 007 | t| | ||
| 008 | 031007s1932 sp abf e ||||1|dspa d | ||
| 080 | _a03 = 6 | ||
| 245 | 0 | 0 |
_aDiccionario enciclopédico abreviado _b: versiones de la mayoría de las voces en francés, italiano, inglés y alemán. |
| 260 |
_aMadrid : _bEspasa-Calpe, _c1932. |
||
| 300 |
_a3 v. : _blám., il. col. y n., mapas (algunos pleg.) ; _c26 cm. |
||
| 505 | 8 | _aContiene: 1. A-espant - 2. Euris-Poh - 3. Pat-Zyz | |
| 650 | 4 |
_aEnciclopedias. _912235 |
|
| 710 | 2 |
_aEspasa Calpe. _94008 |
|
| 852 |
_aES-MaACL _jA-1459-61 |
||
| 999 |
_c56260 _d56260 |
||